Redacción de las sentencias criminales
Furkejuvvon:
| Váldodahkki: | |
|---|---|
| Materiálatiipa: | Girji |
| Giella: | espánnjágiella |
| Almmustuhtton: |
Santiago
Nascimento
1939
|
| Fáttát: | |
| Fáddágilkorat: |
Lasit fáddágilkoriid
Eai fáddágilkorat, Lasit vuosttaš fáddágilkora!
|
MARC
| LEADER | 00000nam a2200000 a 4500 | ||
|---|---|---|---|
| 001 | UCS0684 | ||
| 003 | CL-VaPUC | ||
| 008 | 970426e19390000CL |||||||||||||||||spa|d | ||
| 082 | 0 | 4 | |a 345.05 |b SAN |2 21 |
| 100 | 0 | |a Sanguino Sánchez, Ernesto |e author |9 384471 | |
| 245 | 1 | 0 | |a Redacción de las sentencias criminales |
| 300 | |a 144 p | ||
| 942 | |c BK | ||
| 945 | |d 19970426 00:00:00 |a paguirre | ||
| 260 | |a Santiago |b Nascimento |c 1939 | ||
| 650 | 0 | |a Derecho procesal penal |9 256392 | |
| 650 | 0 | |a Procedimiento penal |9 254974 | |
| 650 | 0 | |a Sentencias |9 256250 | |
| 650 | 0 | |a Jueces |9 256162 | |
| 650 | 7 | |a SUMARIO |2 CL-VaPUC |9 368476 | |
| 650 | 0 | |a Jurisprudencia |9 255952 | |
| 650 | 0 | |a Delitos |9 224143 | |
| 650 | 7 | |a CRIMINALES |2 CL-VaPUC |9 322996 | |
| 583 | |a last modification |c 19970426 00:00:00 |k Rodrigo Vera | ||
| 999 | |c 258901 |d 258899 | ||
| 952 | |0 0 |1 0 |4 0 |6 345_050000000000000_SAN_1939 |7 0 |8 A |9 283291 |a BIBDER |b BIBDER |d 2019-11-19 |i 1839780 |o 345.05 SAN 1939 |p 1839780 |r 2023-01-25 |w 2019-11-19 |y BK |k DER | ||